| 000 | 00527nam a2200157 a 4500 | ||
|---|---|---|---|
| 001 | 000040064 | ||
| 005 | 20201002033909.0 | ||
| 008 | 130805s2001 hm 000 0 spa d | ||
| 040 |
_aDO-SdBNP _bspa _cBNPHU |
||
| 245 | 0 | 0 | _aAnuario bibliografico nacional 1999. |
| 260 |
_aTegucigalpa : _bSecretaría de Cultura, Artes y Deportes, _c2001. |
||
| 300 |
_a117 p. ; _c21 cm. |
||
| 490 | 1 | _aBibliográfica hondureña | |
| 710 | 2 |
_aSecretaría de Cultura, Artes y Deportes (Hondura) _966320 |
|
| 830 | 0 |
_aBibliográfica hondureña _966321 |
|
| 999 |
_c39554 _d39554 |
||